Paroles Booba ft Benash-Validée - Statistiques

Statistiques générales
  • Ce quiz a été pris 169 fois
  • Le résultat moyen est 239 sur 336
Statistiques - réponses
Hint Answerla % Correct
va
99%
Intro: (6x) je
98%
Couplet 2 Je
98%
la
98%
i
95%
(6X) | (6x) I
95%
se
93%
trop
93%
coeur
92%
il
91%
me
91%
vite
90%
de
89%
du
89%
89%
nus
89%
on
89%
à
88%
a
88%
c'est
88%
faut
88%
l'avais
88%
pas
88%
Pas
88%
réduire
88%
validée
88%
vitesse
88%
m'a
86%
t'ai
86%
J'ai
84%
j'ai
84%
passé
84%
coeurs
83%
Refrain nos
83%
Refrain Nos
83%
une
80%
love
79%
Love
79%
t'aimais
79%
you
79%
You
79%
chez
78%
crasher
76%
Deux
76%
deux
76%
merdé
76%
que
76%
Versace
76%
femme
75%
l'avoue
75%
au
74%
comme
74%
consoler
74%
dis
74%
seul
73%
Seul
73%
battent
72%
J'vais
72%
mes
72%
seule
70%
souviens
70%
défauts
69%
en
69%
et
69%
fois
69%
Mon
69%
mon
69%
Couplet 1 Première
69%
tu
69%
quoi
68%
peut-être
67%
prévu
67%
ton
67%
tout
67%
elle
66%
pris
66%
vue
66%
Rien
65%
rien
65%
Mademoiselle
64%
te
64%
son
63%
triste
63%
chance
61%
dépôt
60%
deuxième
60%
lui
60%
ai
59%
laissé
59%
sans
59%
nous
58%
dans
57%
non
57%
plus
57%
dignité
56%
dit
56%
donné
56%
fini
56%
jamais
56%
n'aurais
56%
voulait
56%
bébé
55%
déhanché
55%
doggy-style
55%
fouillé
55%
pour
55%
tard
55%
Iphone
54%
jours
54%
pauvreté
53%
vais
53%
confidence
52%
des
51%
Sale
51%
toute
51%
remercier
50%
Bora-Bora
49%
même
49%
Banlieue
48%
t'aurais
48%
sortie
47%
utilisé
46%
juste
45%
m'as
45%
aucune
44%
petite
44%
fait
43%
Mais
43%
tenue
43%
nom
42%
prise
42%
résonne
42%
aurais
41%
les
41%
retenue
41%
défendu
40%
étais
40%
toi
40%
fruit
39%
voler
39%
enfants
38%
n'allais
38%
Miel
37%
pensant
37%
Photos
36%
aussi
35%
connais
35%
lune
35%
Jack
34%
ouvert
34%
tel
34%
si
32%
tuer
31%
voudras
28%
raconte
27%
défaults
26%
Shopping
26%
sur
26%
bafouiller
25%
groggy
23%
hommes
22%
j'appelle
22%
champs
21%
douillée
21%
Cora
19%
Kouyaté
17%
tu vas
12%
Bambara
2%
Haux-lieux
1%
Aucun quiz correspondant
Distribution des résultats
% des personnes avec chaque résultat
Percentile par nombre de réponses
Votre historique - résultats
Vous n’avez pas pris ce quiz